Legal responsibility in aquatics /

Saved in:
Bibliographic Details
Main Author: Clement, Annie.
Format: Book
Language:English
Published: Aurora, Ohio : Sport and Law Press, c1997.
Subjects:
Tags: Add Tag
No Tags, Be the first to tag this record!
LEADER 00755aam a2200253 a 4500
001 007730406-3
005 20020606104010.5
008 970718s1997 ohu b 001 0 eng
010 |a  97173997  
020 |a 0965887405 
035 0 |a ocm38174355 
040 |a DLC  |c DLC  |d MoSU-L 
042 |a pcc 
043 |a n-us--- 
050 1 4 |a KF1290.S66  |b C63 1997 
100 1 |a Clement, Annie. 
245 1 0 |a Legal responsibility in aquatics /  |c Annie Clement. 
260 |a Aurora, Ohio :  |b Sport and Law Press,  |c c1997. 
300 |a xiv, 230 p. ;  |c 28 cm. 
504 |a Includes bibliographical references and index. 
650 0 |a Liability for sports accidents  |z United States. 
650 0 |a Aquatic sports injuries  |z United States. 
988 |a 20020608 
906 |0 DLC